000 00891nmm a2200253 a 4500
001 ocm000701131
003 TR-IsHL
005 20201028125324.0
008 110704s1969 tu tur
007 cr cn
035 _a701131
_b(N$T)
050 0 4 _aHF328.T9
_bD46 1969
090 0 4 _aHF328.T9
_bD46 1969
245 1 0 _aDeniz Ticaret Odası kurulması hakkındaki görüşümüz
_h[electronic resource]
250 _a1. bs.
260 _aİstanbul :
_bİstanbul Ticaret Odası,
_c1969
300 _a28 p.
650 4 _aEkonomi ve Finans
650 4 _aEconomics and Finance
650 0 _aİstanbul Ticaret Odası
_x Ekonomik görüşleri
650 0 _aIstanbul Chamber of Commerce
_x Economic views
650 7 _aBUSINESS & ECONOMICS / Corporate & Business History
_2bisacsh
856 4 0 _uhttp://search.ebscohost.com/login.aspx?direct=true&scope=site&db=e011xww&AN=701131
999 _c3421
_d3421